Výsledky inšpekcie práce za I. polrok 2005

Bibliographic Details
Main Author: Sukovský, Michal (Author)
Format: Article
Language:Slovak
PhysicalDescription:Grafy
ISSN:0322-8347
Subjects:

MARC

LEADER 00000nab a2200000 a 4500
001 vtls008629642
003 SK-MaSNL
005 20260426083425.0
008 250505c2006 xo br|p|||||||000 b|slo
015 |a SNBRB2006/03  |2 snkbucl 
035 |a (uuid)d069558a-763f-4f10-b54a-b95f8157c18f 
035 |a urn:nbn:sk:snk-abaej4 
035 |a (urnnbn)urn:nbn:sk:snk:ar-a0amxk 
038 |a SNKBUCL 
040 |a SNKBUCL  |b slo  |c SNKBUCL  |e AACR2 
041 0 |a slo 
044 |a xo  |c SK 
080 |a 331.45:061.64  |x (437.6)  |2 1997 
100 1 |a Sukovský, Michal  |4 aut  |9 807371 
245 1 0 |a Výsledky inšpekcie práce za I. polrok 2005  |c Michal Sukovský 
300 |b Grafy 
648 7 |a 2005, 1. polrok  |2 snkbucl  |9 1328401 
650 0 7 |a inšpekcia práce  |2 snkbucl  |9 18746 
651 7 |a Slovensko  |2 snkbucl  |9 14231 
773 0 |t Bezpečná práca  |g Roč. 37, č. 1 (2006), s. 17-19  |x 0322-8347 
850 |a Slovenská národná knižnica 
852 |a Slovenská národná knižnica 
954 |a odborná, vedecká literatúra pôvodná (slovenská)  |2 lita 
958 |a article14 
958 |a OND 
958 |a EUIPO 
999 |c 2904513  |d 2906443